000 00662cam a22002531 4500
999 _c5205
_d5205
001 8938969
003 GBCCL
005 20241126110535.0
008 770120s1966 miu 000 0 eng
010 _a 66018316
020 _a0801006511
035 _a(OCoLC)2690884
040 _aDLC
_cTxDaB
_dDLC
042 _apremarc
050 0 0 _aBV210.2
_b.B7
082 _a227
_bBRA
100 1 _aBrandt, R. L.
_99371
245 1 0 _aPraying with Paul,
_cby R. L. Brandt.
260 _aGrand Rapids,
_bBaker Book House
_c1980, [1966]
300 _a106 p.
_c20 cm.
650 0 _aPrayer.
_9332
906 _a7
_bcbc
_coclcrpl
_du
_encip
_f19
_gy-gencatlg
942 _2ddc
_cBK